Aproximaciones a las representaciones sociales en materia de administración de justicia penal. caso: cárcel nacional de Maracaibo /
El objetivo de este trabajo es describir las representaciones sociales que los operadores y reclusos de la Cárcel Nacional de Maracaibo tienen sobre la Administración de Justicia Penal venezolana y de la cárcel, con el fin de generar conocimientos que permitan configurar un nuevo discurso penitencia...
Uloženo v:
| Hlavní autor: | |
|---|---|
| Další autoři: | |
| Médium: | Text |
| Témata: | |
| Tagy: |
Přidat tag
Žádné tagy, Buďte první, kdo vytvoří štítek k tomuto záznamu!
|
MARC
| LEADER | 00000 a a2200000 04500 | ||
|---|---|---|---|
| 001 | 2445 | ||
| 003 | |||
| 040 | |a CRAI/IIS |c CRAI/IIS | ||
| 100 | |a Sánchez Rodríguez, Gloria | ||
| 245 | |a Aproximaciones a las representaciones sociales en materia de administración de justicia penal. caso: |b cárcel nacional de Maracaibo / |c Gloria Sánchez Rodríguez | ||
| 520 | |a El objetivo de este trabajo es describir las representaciones sociales que los operadores y reclusos de la Cárcel Nacional de Maracaibo tienen sobre la Administración de Justicia Penal venezolana y de la cárcel, con el fin de generar conocimientos que permitan configurar un nuevo discurso penitenciario basado en una visión holística del problema carcelario y en la definición de elementos racionales y factibles para su transformación | ||
| 650 | |a REPRESENTACION SOCIAL | ||
| 650 | |a ADMINISTRACION DE JUSTICIA | ||
| 650 | |a PRISIONES | ||
| 650 | |a RESULTADOS DE INVESTIGACION | ||
| 700 | |a Mavarea Acosta, Dianis | ||
| 773 | |g volumen 30, número 2; páginas 115-136 | ||
| 999 | |c 20022 |d 20022 | ||
